Aprendizaje y resistencia en los trabajadores de software

Bibliographic Details
Main Author: Rodrg̕uez Gutiřrez, Jos ̌Guadalupe
Format: eBook
Language:Spanish
Published: Mx̌ico D.F.: Plaza y Valdš Editores, 2011
Subjects:
Online Access:Acceso restringido

MARC

LEADER 00000nam a22000007a 4500
005 20130711155844.0
007 cr|||| ||||
008 130711s2011 mx |||||s|||| 00||0 spa d
020 |a 978-607-402-383-1 
035 |a 11396 
040 |a vLex 
090 |c 4427  |d 4427 
100 1 |a  Rodrg̕uez Gutiřrez, Jos ̌Guadalupe 
245 1 0 |a Aprendizaje y resistencia en los trabajadores de software  |h [Recurso electrn̤ico] 
256 |a Servicio en ln̕ea 
260 |a Mx̌ico D.F.:  |b Plaza y Valdš Editores,   |c 2011 
300 |a 1 recurso electrn̤ico 
506 1 |a Contenido solo disponible en los productos indicados  |d vLex Global  |d vLex Global (Academic Edition, excluding Law Schools)  |d vLex Global (U.S. Academic Edition, Law Schools)  |d vLex Global (U.S. Academic Edition, excluding Law Schools)  |d vLex Global (Academic Edition, Law Schools) 
650 0 4 |a Programario  |z Mx̌ico 
650 0 4 |a Aprendizaje  |z Mx̌ico 
740 0 |a vLex Libros (Servicio en ln̕ea) 
856 4 0 |u http://vlex.com/source/aprendizaje-y-resistencia-en-los-trabajadores-de-software-11396  |z Acceso restringido 
942 |c BOOK 
999 0 |a Computer software 
999 0 |a Learning